Loading...

AMINOACID HANDBOOK

Bibliographic Details
Main Author: THOMAS,CHARLES C
Format: Printed Book
Published:
Subjects:
LEADER 00473nam a2200181 4500
020 |c 10.5 
082
100 |a THOMAS,CHARLES C 
245 |a AMINOACID HANDBOOK  |h ENGLISH 
250
260 |c   
300 |a 0 
500 |a   
590 |d Dollar 10.5 
650 |a AMINOACID HANDBOOK 
942 |c BK 
999 |c 119163  |d 119163 
952 |0 3  |1 0  |2 ddc  |4 0  |7 0  |9 132628  |a CHE  |b CHE  |g 10.50  |l 0  |p CHE469  |r 2019-10-15  |w 2019-10-15  |y BK